| 000 | 00533nam a22001697a 4500 | ||
|---|---|---|---|
| 003 | BUBTL | ||
| 008 | 190224b xxu||||| |||| 00| 0 eng d | ||
| 082 | _a891.443AHD | ||
| 100 |
_91693 _aআহমেদ, হুমায়ূন |
||
| 245 |
_aদেবী / _cহুমায়ূন আহমেদ |
||
| 260 |
_aঢাকা : _bঅবসর, _cc1985. |
||
| 300 |
_a80 p. : _c22 cm. |
||
| 650 | 0 |
_91687 _aবাংলা সাহিত্য |
|
| 856 |
_k0 _l0 _yDownload |
||
| 942 |
_2ddc _cBK |
||
| 999 |
_c5872 _d5872 |
||